000 00339nam a2200157Ia 4500
003 OSt
005 20231215111018.0
008 170524s9999 xx 000 0 und d
020 _a8120327764
040 _cIIMT
100 _aKhan Anwar A
245 2 _aA First Course in Electronics
260 _bPHI
260 _c2006
942 _2ddc
_c02
999 _c5111
_d5111